000 00493nam a2200193Ia 4500
008 101110s9999 xx 000 0 und d
041 _aMARATHI
082 _bJR2108
100 _aSherlekar S.A., Vakale L.P.
245 _aChitanisachi Karyapadhati Std. XII
365 _b18
520 _aCommerce
546 _aMARATHI
630 _aChitanisachi Karyapadhati Std. XII
650 _aCommerce
655 _aCommerce
730 _aChitanisachi Karyapadhati Std. XII
942 _cBOOK
999 _c794031
_d794028